[Event "XIV Torneio Int. da Figueira da Foz"]
[Site "Figueira da Foz POR"]
[Date "2020.10.27"]
[Round "5.12"]
[White "Silva, Pedro Gil"]
[Black "Navarro Martínez, Victor"]
[Result "1-0"]
[WhiteElo "2034"]
[BlackElo "1732"]
[WhiteFideId "1946102"]
[BlackFideId "54509963"]
[WhiteCountry "POR"]
[BlackCountry "ESP"]
[PlyCount "41"]

1. e4 c5 2. Nf3 Nc6 3. d4 cxd4 4. Nxd4 g6 5. c4 Bg7 6. Be3 Nf6 7. Nc3 Ng4 8.
Qxg4 Nxd4 9. Qd1 Ne6 10. Qd2 Qa5 11. Rc1 b6 12. Be2 Bb7 13. f3 h5 14. O-O g5 15.
Rfd1 d6 16. a3 h4 17. Qc2 Qe5 18. Qa4+ Kf8 19. b4 Nf4 20. Qd7 Bc8 21. Qd8# 1-0

[Event "XIV Torneio Int. da Figueira da Foz"]
[Site "Figueira da Foz POR"]
[Date "2020.10.27"]
[Round "5.13"]
[White "Movsisyan, Tigran"]
[Black "Torres Dominguez, David"]
[Result "0-1"]
[WhiteElo "1730"]
[BlackElo "2029"]
[WhiteFideId "24581364"]
[BlackFideId "2220857"]
[WhiteCountry "ESP"]
[BlackCountry "ESP"]
[PlyCount "58"]

1. e4 e5 2. Nf3 d6 3. d4 exd4 4. Nxd4 Nf6 5. Nc3 Be7 6. h3 O-O 7. Bd3 c6 8. O-O
d5 9. exd5 Nxd5 10. Nxd5 Qxd5 11. Bf4 Bf6 12. Nb5 Na6 13. c4 Qd8 14. Nd6 Bxb2
15. Rb1 Qf6 16. Qf3 Nc5 17. Bxh7+ Kxh7 18. Qh5+ Kg8 19. Qxc5 Bd4 20. Qg5 b6 21.
Qg3 Be6 22. Rfe1 c5 23. Rbd1 Rad8 24. h4 Rd7 25. h5 g5 26. Ne4 Qxf4 27. Qb3 g4
28. Rd3 Rfd8 29. Red1 Qxe4 0-1

[Event "XIV Torneio Int. da Figueira da Foz"]
[Site "Figueira da Foz POR"]
[Date "2020.10.27"]
[Round "5.14"]
[White "Pipiras, Filipa"]
[Black "Silva, José Lucas"]
[Result "1-0"]
[WhiteElo "1912"]
[BlackElo "1336"]
[WhiteFideId "1944894"]
[BlackFideId "1954342"]
[WhiteCountry "POR"]
[BlackCountry "POR"]
[PlyCount "75"]

1. d4 Nf6 2. c4 e6 3. Nc3 d5 4. cxd5 exd5 5. Bg5 Be7 6. e3 c6 7. Bd3 O-O 8. Qc2
Nbd7 9. Nf3 Re8 10. O-O Nf8 11. Rab1 g6 12. b4 Ne6 13. Bh4 Bd7 14. b5 Ng7 15.
bxc6 bxc6 16. Ne5 Rc8 17. Rb7 Rc7 18. Rxc7 Qxc7 19. Bxf6 Bxf6 20. Nxd5 Qd6 21.
Nxf6+ Qxf6 22. Nxd7 Qd6 23. Nc5 Ne6 24. Nxe6 Qxe6 25. Rc1 Rc8 26. Bc4 Qd7 27. h3
a5 28. Qa4 Qa7 29. Bd5 c5 30. dxc5 Kg7 31. c6 Qc7 32. Rb1 Rb8 33. Rxb8 Qxb8 34.
Qb3 Qe5 35. g3 h5 36. Qc4 f6 37. c7 Qa1+ 38. Kg2 1-0

[Event "XIV Torneio Int. da Figueira da Foz"]
[Site "Figueira da Foz POR"]
[Date "2020.10.27"]
[Round "5.15"]
[White "Guerreiro, Nuno"]
[Black "Dantas, Carlos"]
[Result "1-0"]
[WhiteElo "2079"]
[BlackElo "2126"]
[WhiteFideId "1903012"]
[BlackFideId "1900757"]
[WhiteCountry "POR"]
[BlackCountry "POR"]
[PlyCount "81"]

1. Nf3 Nf6 2. c4 g6 3. g3 Bg7 4. Bg2 d5 5. cxd5 Nxd5 6. d4 O-O 7. O-O c6 8. Qc2
Bg4 9. Rd1 Na6 10. Nc3 Rc8 11. h3 Be6 12. Ng5 Nac7 13. Qa4 a6 14. Nce4 b5 15.
Qa5 h6 16. Nf3 Rb8 17. Nc5 Bc8 18. Ne5 Qd6 19. e4 Nb6 20. Bf4 Qf6 21. Nf3 e5 22.
Bxe5 Qe7 23. Bxg7 Kxg7 24. Ne5 Qd6 25. Rac1 Re8 26. Qc3 f6 27. Nf3 Nd7 28. e5
Qf8 29. Nxd7 Bxd7 30. exf6+ Qxf6 31. Ne5 Be6 32. Qxc6 Rbc8 33. Qd6 Re7 34. Nc6
Rf7 35. Qe5 Bxa2 36. Qxf6+ Rxf6 37. Ne7 Re8 38. Rxc7 Rf7 39. Re1 Kf6 40. Rc6+
Kg7 41. Nf5+ 1-0

[Event "XIV Torneio Int. da Figueira da Foz"]
[Site "Figueira da Foz POR"]
[Date "2020.10.27"]
[Round "5.16"]
[White "Röttgen, Jürgen"]
[Black "Dias, José"]
[Result "1-0"]
[WhiteElo "2099"]
[BlackElo "1589"]
[WhiteFideId "4629868"]
[BlackFideId "1923943"]
[WhiteCountry "GER"]
[BlackCountry "POR"]
[PlyCount "66"]

1. c4 Nf6 2. Nc3 g6 3. g3 Bg7 4. Bg2 O-O 5. d3 c6 6. e4 d6 7. Nge2 e5 8. h3 a5
9. Be3 Na6 10. O-O h6 11. Qd2 Kh7 12. f4 exf4 13. gxf4 Nh5 14. f5 gxf5 15. exf5
Qh4 16. Ne4 d5 17. Ng5+ Kh8 18. Nf3 Qf6 19. Bd4 Qxf5 20. Qxh6+ Qh7 21. Bxg7+
Nxg7 22. Qxh7+ Kxh7 23. cxd5 cxd5 24. Nf4 Be6 25. Ng5+ Kg8 26. Nxd5 Rad8 27.
Ne7+ Kh8 28. Rf6 Nf5 29. Nxf5 Bxf5 30. Rxf5 Kg7 31. Be4 b6 32. Kh1 Nc5 33. Rg1
Nxe4 1-0

[Event "XIV Torneio Int. da Figueira da Foz"]
[Site "Figueira da Foz POR"]
[Date "2020.10.27"]
[Round "5.17"]
[White "Soares, Sara"]
[Black "Fernandes, João Pedro"]
[Result "0-1"]
[WhiteElo "1654"]
[BlackElo "2084"]
[WhiteFideId "1948172"]
[BlackFideId "1926624"]
[WhiteCountry "POR"]
[BlackCountry "POR"]
[PlyCount "64"]

1. d4 Nf6 2. c4 c5 3. d5 e6 4. Nc3 exd5 5. cxd5 d6 6. e4 g6 7. h3 Bg7 8. Nf3 O-O
9. Bd3 a6 10. O-O b5 11. Re1 Re8 12. a3 Nbd7 13. Bf4 Qb6 14. Qd2 Bb7 15. Rad1
Rad8 16. Bc2 a5 17. b3 Nh5 18. Bh2 Ba6 19. Rb1 Qc7 20. Rbc1 Nb6 21. Bd3 c4 22.
Bc2 Qc5 23. a4 b4 24. Ne2 c3 25. Qd1 Nf6 26. Ned4 Bb7 27. Bf4 Nfxd5 28. exd5
Rxe1+ 29. Qxe1 Bxd4 30. Nxd4 Qxd4 31. Be3 Qxd5 32. Bxb6 Qxg2# 0-1

[Event "XIV Torneio Int. da Figueira da Foz"]
[Site "Figueira da Foz POR"]
[Date "2020.10.29"]
[Round "6.1"]
[White "Grigoryan, Karen H"]
[Black "Batsiashvili, Nino"]
[Result "1-0"]
[WhiteElo "2658"]
[BlackElo "2467"]
[WhiteFideId "13301004"]
[BlackFideId "13602993"]
[WhiteTitle "GM"]
[BlackTitle "GM"]
[WhiteCountry "ARM"]
[BlackCountry "GEO"]
[PlyCount "89"]

1. e4 c6 2. Nc3 d5 3. Nf3 dxe4 4. Nxe4 Nf6 5. Nxf6+ exf6 6. Bc4 Bd6 7. Qe2+ Qe7
8. Qxe7+ Kxe7 9. d4 Bf5 10. O-O Bxc2 11. Re1+ Kd8 12. Bxf7 Rf8 13. Be6 Na6 14.
d5 c5 15. Be3 Bg6 16. Nd2 Bd3 17. Rec1 b6 18. Rc3 Bb5 19. Nc4 Bd7 20. a4 Bxe6
21. dxe6 Ke7 22. a5 b5 23. Nxd6 Kxd6 24. Rd1+ Kxe6 25. Rcd3 Kf5 26. Rd6 Nc7 27.
Rc6 Rf7 28. Rxc5+ Kg6 29. h4 h5 30. Rd6 Re8 31. Rg5+ Kh6 32. Rc6 Ree7 33. a6 b4
34. Re5+ Kg6 35. Rg5+ Kh7 36. Rxh5+ Kg6 37. Ra5 Ne6 38. Ra4 Nd8 39. Rc8 Rd7 40.
Rxb4 Rd6 41. Rd4 Rfd7 42. Rxd6 Rxd6 43. b4 Nc6 44. b5 Ne5 45. Bxa7 1-0

[Event "XIV Torneio Int. da Figueira da Foz"]
[Site "Figueira da Foz POR"]
[Date "2020.10.29"]
[Round "6.2"]
[White "Cumming, Rhys"]
[Black "Alshameary Puente, Ismael"]
[Result "1-0"]
[WhiteElo "2299"]
[BlackElo "2373"]
[WhiteFideId "470163"]
[BlackFideId "2225166"]
[WhiteTitle "FM"]
[BlackTitle "IM"]
[WhiteCountry "ENG"]
[BlackCountry "ESP"]
[PlyCount "116"]

1. e4 c5 2. Nf3 Nc6 3. Bb5 g6 4. O-O Bg7 5. Re1 Nf6 6. e5 Nd5 7. Nc3 Nc7 8. Bxc6
dxc6 9. Ne4 Ne6 10. d3 b6 11. Be3 Nd4 12. Nxd4 cxd4 13. Bf4 O-O 14. h4 Qd5 15.
h5 c5 16. Qf3 Bb7 17. Qg3 Qc6 18. e6 fxe6 19. hxg6 Rf5 20. gxh7+ Kh8 21. f3 Raf8
22. Bd2 e5 23. Re2 a5 24. b3 Kxh7 25. Ng5+ Kg8 26. Re4 R8f6 27. Rg4 Rg6 28. Re1
Bc8 29. Ne4 Rxg4 30. Qxg4 Rf8 31. Qh4 Qg6 32. Qg5 Qxg5 33. Bxg5 Kf7 34. a4 Bd7
35. Kf2 Rh8 36. Nd2 Rh5 37. f4 Be6 38. Nf3 exf4 39. Bxf4 Bd5 40. g4 Rh8 41. Kg3
Bxf3 42. Kxf3 Rh3+ 43. Kg2 Rh8 44. Rh1 Rc8 45. Kf3 Rc6 46. Re1 Ke8 47. g5 Kf7
48. Kg4 Rc8 49. Kf5 Rc6 50. g6+ Ke8 51. Re6 Kd7 52. Rxc6 Kxc6 53. Be5 Bh6 54. g7
Bxg7 55. Bxg7 b5 56. Bf8 bxa4 57. bxa4 Kd6 58. Ke4 Kd5+ 1-0

[Event "XIV Torneio Int. da Figueira da Foz"]
[Site "Figueira da Foz POR"]
[Date "2020.10.29"]
[Round "6.3"]
[White "Janik, Igor"]
[Black "Antolak, Julia"]
[Result "1/2-1/2"]
[WhiteElo "2489"]
[BlackElo "2313"]
[WhiteFideId "1159259"]
[BlackFideId "1159569"]
[WhiteTitle "IM"]
[BlackTitle "WIM"]
[WhiteCountry "POL"]
[BlackCountry "POL"]
[PlyCount "67"]

1. Nf3 Nf6 2. c4 g6 3. g3 Bg7 4. Bg2 O-O 5. Nc3 c6 6. d4 d5 7. Qb3 dxc4 8. Qxc4
Na6 9. O-O Be6 10. Qa4 Qc8 11. Rd1 Rd8 12. Ng5 h6 13. Nxe6 Qxe6 14. e3 Nd7 15.
Qc2 Nb6 16. b3 Nb4 17. Qd2 c5 18. Ne4 Na6 19. Bb2 f5 20. Nc3 cxd4 21. exd4 Rxd4
22. Qc1 Nc5 23. Rxd4 Bxd4 24. Qd2 Bg7 25. Re1 Qf7 26. Ba3 Rc8 27. Nb5 Ne4 28.
Bxe4 fxe4 29. Rxe4 Qd5 30. Qxd5+ Nxd5 31. Nxa7 Ra8 32. Bc5 b6 33. Bxb6 Nxb6 34.
Rxe7 1/2-1/2

[Event "XIV Torneio Int. da Figueira da Foz"]
[Site "Figueira da Foz POR"]
[Date "2020.10.29"]
[Round "6.4"]
[White "Taboas Rodriguez, Daniel"]
[Black "Fernandes, Miguel"]
[Result "1-0"]
[WhiteElo "2365"]
[BlackElo "2139"]
[WhiteFideId "2208466"]
[BlackFideId "1920456"]
[WhiteTitle "FM"]
[WhiteCountry "ESP"]
[BlackCountry "POR"]
[PlyCount "151"]

1. d4 d5 2. Nf3 Nf6 3. c4 c6 4. cxd5 cxd5 5. Nc3 Nc6 6. Bf4 a6 7. Rc1 Bf5 8. e3
Rc8 9. Ne5 Nxe5 10. Bxe5 Nd7 11. Bg3 e6 12. Bd3 Bxd3 13. Qxd3 Be7 14. O-O O-O
15. Rc2 h5 16. h3 h4 17. Bf4 Nb8 18. Bxb8 Rxb8 19. Rfc1 Qd7 20. Nb1 Rfc8 21. Nd2
b5 22. Nf3 Bf6 23. Rc3 b4 24. Rc5 Qb7 25. b3 Rxc5 26. Rxc5 Be7 27. Rc2 Rc8 28.
Qd2 Rxc2 29. Qxc2 Bf6 30. Ne1 Be7 31. Nd3 Bd6 32. Kf1 g6 33. Ke2 a5 34. Kd1 Kg7
35. f4 Qc7 36. Qxc7 Bxc7 37. Ne1 Bd8 38. Nf3 Bf6 39. Ke2 Bd8 40. Ne5 Bc7 41. Nf3
Bd8 42. Kd3 f5 43. Kc2 Be7 44. Ne5 Bd6 45. Nc6 Bc7 46. Kb2 Kf6 47. Kc2 Kg7 48.
Kd2 Kf6 49. Kd3 Kg7 50. Kc2 Kf7 51. Kd3 Kg7 52. Ne5 Bd8 53. Kc2 Kf6 54. Kb2 Kg7
55. Nc6 Bc7 56. a3 Bd6 57. Nxa5 bxa3+ 58. Ka2 Bb4 59. Nc6 Bd2 60. b4 Bxe3 61. b5
Bxf4 62. Kxa3 Bc7 63. Kb4 g5 64. Kc5 g4 65. Ne5 gxh3 66. gxh3 f4 67. Nf3 Kf6 68.
b6 Bxb6+ 69. Kxb6 Kf5 70. Kc5 Ke4 71. Nxh4 Ke3 72. Ng6 Ke4 73. Ne5 Kf5 74. h4
Kf6 75. Kd6 Kf5 76. h5 1-0

[Event "XIV Torneio Int. da Figueira da Foz"]
[Site "Figueira da Foz POR"]
[Date "2020.10.29"]
[Round "6.5"]
[White "Djuric, Stefan"]
[Black "Martín Duque, Jesus"]
[Result "0-1"]
[WhiteElo "2358"]
[BlackElo "2426"]
[WhiteFideId "900133"]
[BlackFideId "2208954"]
[WhiteTitle "GM"]
[BlackTitle "IM"]
[WhiteCountry "SRB"]
[BlackCountry "ESP"]
[PlyCount "113"]

1. Nf3 Nf6 2. c4 b6 3. Nc3 Bb7 4. d4 e6 5. g3 Bb4 6. Bg2 Bxc3+ 7. bxc3 d6 8.
Qa4+ Nbd7 9. O-O O-O 10. Bg5 h6 11. Bxf6 Nxf6 12. Nd2 Bxg2 13. Kxg2 c5 14. e4
cxd4 15. cxd4 e5 16. Qa3 Re8 17. Qd3 Rc8 18. a4 Nd7 19. f4 exd4 20. Qxd4 Nc5 21.
h4 Qc7 22. Rf3 Qc6 23. Re1 Nxa4 24. g4 Nc5 25. g5 h5 26. Qd5 Qxd5 27. cxd5 b5
28. Rfe3 f6 29. Nf3 b4 30. Nd4 a5 31. Nf5 Rcd8 32. Rc1 fxg5 33. hxg5 b3 34. Rxc5
dxc5 35. Rxb3 Rxe4 36. Kf3 Rb4 37. Rd3 c4 38. Rd1 Kf8 39. Nd4 Re8 40. Ne6+ Kf7
41. f5 c3 42. d6 c2 43. g6+ Kf6 44. Rc1 Rxe6 45. fxe6 Kxe6 46. Rxc2 Kxd6 47. Rc8
Ke6 48. Rc5 a4 49. Rxh5 Kf6 50. Ra5 Kxg6 51. Ra6+ Kh5 52. Ra8 g6 53. Kg3 Rb3+
54. Kf4 g5+ 55. Kf5 Rf3+ 56. Ke4 Rf4+ 57. Kd4 0-1

[Event "XIV Torneio Int. da Figueira da Foz"]
[Site "Figueira da Foz POR"]
[Date "2020.10.29"]
[Round "6.6"]
[White "Stella, Andrea"]
[Black "Tadevosyan, Aspet"]
[Result "1/2-1/2"]
[WhiteElo "2457"]
[BlackElo "2136"]
[WhiteFideId "827061"]
[BlackFideId "24526134"]
[WhiteTitle "GM"]
[WhiteCountry "ITA"]
[BlackCountry "ESP"]
[PlyCount "40"]

1. d4 d5 2. c4 c6 3. Nf3 Nf6 4. Nc3 dxc4 5. a4 e6 6. e3 c5 7. Bxc4 Nc6 8. O-O
cxd4 9. exd4 Be7 10. Qe2 O-O 11. Rd1 Nb4 12. Ne5 Bd7 13. Bg5 Bc6 14. Nxc6 bxc6
15. a5 Nfd5 16. Bxe7 Qxe7 17. Ne4 Nf6 18. Nc5 Nd7 19. Ne4 Nf6 20. Nc5 Nd7
1/2-1/2

[Event "XIV Torneio Int. da Figueira da Foz"]
[Site "Figueira da Foz POR"]
[Date "2020.10.29"]
[Round "6.7"]
[White "Varela La Madrid, Tilsia"]
[Black "Löffner, Stefan"]
[Result "1-0"]
[WhiteElo "2060"]
[BlackElo "2352"]
[WhiteFideId "3903001"]
[BlackFideId "4603257"]
[WhiteTitle "WIM"]
[BlackTitle "IM"]
[WhiteCountry "VEN"]
[BlackCountry "GER"]
[PlyCount "75"]

1. e4 Nf6 2. e5 Nd5 3. c4 Nb6 4. d4 d6 5. f4 dxe5 6. fxe5 Bf5 7. Nf3 e6 8. Nc3
Bb4 9. Be2 c5 10. a3 Bxc3+ 11. bxc3 Nc6 12. O-O Rc8 13. a4 Na5 14. Ba3 Nbxc4 15.
Bxc5 Qd5 16. Bxc4 Nxc4 17. a5 Nb2 18. Qd2 Nd3 19. Ba3 h6 20. Bd6 Rc6 21. Ne1
Nxe1 22. Rfxe1 Kd7 23. Qb2 Kc8 24. Ra4 Bd3 25. Rb4 Rc4 26. Re3 Rxb4 27. cxb4 Bb5
28. Rg3 Rg8 29. h3 Bc6 30. Bc5 a6 31. Qf2 Qd7 32. Bd6 f5 33. d5 exd5 34. Qa7 Qf7
35. Qb8+ Kd7 36. Qc7+ Ke6 37. Rg6+ Qxg6 38. Qe7# 1-0

[Event "XIV Torneio Int. da Figueira da Foz"]
[Site "Figueira da Foz POR"]
[Date "2020.10.29"]
[Round "6.9"]
[White "Santos, António P"]
[Black "Santos, José Gulherme"]
[Result "0-1"]
[WhiteElo "2123"]
[BlackElo "2229"]
[WhiteFideId "1900161"]
[BlackFideId "1939300"]
[WhiteTitle "FM"]
[WhiteCountry "POR"]
[BlackCountry "POR"]
[PlyCount "80"]

1. d4 Nf6 2. c4 e6 3. Nf3 b6 4. a3 Bb7 5. Nc3 d5 6. cxd5 exd5 7. g3 Be7 8. Bg2
O-O 9. O-O c5 10. Bg5 h6 11. Bxf6 Bxf6 12. b4 cxb4 13. axb4 Nc6 14. b5 Na5 15.
e3 Rc8 16. Qd3 Qe7 17. Ne5 Bxe5 18. dxe5 Qxe5 19. Nxd5 Rc5 20. Rfd1 Kh8 21. Ra4
Rfc8 22. Rd4 Qe8 23. h4 Qf8 24. Qf5 Bxd5 25. Bxd5 Rxb5 26. Qd7 a6 27. Bxf7 Nc6
28. Bg6 Nxd4 29. Rxd4 Rbc5 30. Rf4 Qd8 31. Qg4 Rc1+ 32. Kg2 Qd1 33. Qxd1 Rxd1
34. Rf7 b5 35. Ra7 Rd6 36. h5 Rb6 37. e4 b4 38. e5 b3 39. f4 Rxg6 40. hxg6 Rb8
0-1

[Event "XIV Torneio Int. da Figueira da Foz"]
[Site "Figueira da Foz POR"]
[Date "2020.10.29"]
[Round "6.10"]
[White "Torres Dominguez, David"]
[Black "Garcia Dorado, Alberto"]
[Result "0-1"]
[WhiteElo "2029"]
[BlackElo "2181"]
[WhiteFideId "2220857"]
[BlackFideId "2252244"]
[BlackTitle "CM"]
[WhiteCountry "ESP"]
[BlackCountry "ESP"]
[PlyCount "100"]

1. e4 Nf6 2. d3 d5 3. e5 Nfd7 4. f4 c5 5. Nf3 e6 6. Be2 Be7 7. O-O O-O 8. c4 d4
9. Na3 Nc6 10. Nc2 f6 11. exf6 Bxf6 12. Ng5 Bxg5 13. fxg5 e5 14. Bf3 Ne7 15. Qe2
Rb8 16. Bd2 b6 17. h4 Bb7 18. Bxb7 Rxb7 19. h5 Rc7 20. g4 Rc6 21. Rxf8+ Qxf8 22.
Rf1 Qe8 23. Qe4 Re6 24. Ne1 Nf8 25. Nf3 Qc6 26. Re1 Qxe4 27. Rxe4 Nc6 28. Be1
Nd7 29. a3 g6 30. Bg3 Kf7 31. Re2 e4 32. Rxe4 Rxe4 33. dxe4 Ke6 34. Nh4 Nde5 35.
b3 a6 36. Kf1 b5 37. cxb5 axb5 38. Ke1 c4 39. bxc4 bxc4 40. Kd2 Kf7 41. Bxe5
Nxe5 42. a4 Ke6 43. hxg6 hxg6 44. a5 Kd6 45. a6 Kc6 46. Nf5 gxf5 47. gxf5 Nf3+
48. Ke2 Nxg5 49. e5 c3 50. e6 Nh7 0-1

[Event "XIV Torneio Int. da Figueira da Foz"]
[Site "Figueira da Foz POR"]
[Date "2020.10.29"]
[Round "6.11"]
[White "Pintor, Simão"]
[Black "Pipiras, Filipa"]
[Result "1-0"]
[WhiteElo "2115"]
[BlackElo "1912"]
[WhiteFideId "1904787"]
[BlackFideId "1944894"]
[WhiteCountry "POR"]
[BlackCountry "POR"]
[PlyCount "107"]

1. Nf3 d5 2. g3 Nf6 3. b3 e6 4. Bb2 c5 5. c4 d4 6. b4 a5 7. bxc5 Nc6 8. Bg2 Bxc5
9. O-O O-O 10. d3 e5 11. Ba3 Nd7 12. Bxc5 Nxc5 13. Na3 Be6 14. Qc1 f6 15. Nd2
Qd7 16. Ne4 Nxe4 17. Bxe4 Rfe8 18. Nb5 f5 19. Bg2 Bf7 20. c5 Rec8 21. Nd6 Rc7
22. Qg5 h6 23. Qxf5 Qxf5 24. Nxf5 Nb4 25. a3 Nd5 26. Rab1 Ra7 27. Nd6 Rxc5 28.
Nxb7 Rc2 29. Rb5 Rxe2 30. Rxd5 Bxd5 31. Bxd5+ Kh8 32. Rc1 Ra8 33. Nd6 Rf8 34.
Ne4 a4 35. Rc4 Re1+ 36. Kg2 Rd1 37. Nc5 Rd2 38. Bf3 Rc8 39. Bd5 Rf8 40. Rxa4
Rfxf2+ 41. Kh3 Rf8 42. Be4 h5 43. Nd7 Re8 44. Nxe5 g5 45. Nf7+ Kg8 46. Nxg5 h4
47. gxh4 Rf8 48. Rxd4 Rff2 49. Rd7 Rxh2+ 50. Kg4 Rd1 51. Bd5+ Kf8 52. Nh7+ Ke8
53. Nf6+ Kf8 54. Rf7# 1-0

[Event "XIV Torneio Int. da Figueira da Foz"]
[Site "Figueira da Foz POR"]
[Date "2020.10.29"]
[Round "6.12"]
[White "Fernandes, João Pedro"]
[Black "Guerreiro, Nuno"]
[Result "1-0"]
[WhiteElo "2084"]
[BlackElo "2079"]
[WhiteFideId "1926624"]
[BlackFideId "1903012"]
[WhiteCountry "POR"]
[BlackCountry "POR"]
[PlyCount "79"]

1. e4 Nc6 2. Nf3 a6 3. d4 d5 4. e5 f6 5. h3 fxe5 6. dxe5 g6 7. Bd3 Bg7 8. Bf4
Nh6 9. O-O O-O 10. Qd2 Nf7 11. Re1 Bf5 12. Bxf5 gxf5 13. c3 e6 14. h4 Kh8 15.
Na3 Rg8 16. Nc2 Qf8 17. Ncd4 Nxd4 18. cxd4 Bh6 19. Bxh6 Qxh6 20. Qxh6 Nxh6 21.
Ng5 Rae8 22. Rac1 c6 23. Rc3 Re7 24. a4 a5 25. Rb1 Kg7 26. b4 axb4 27. Rxb4 Kg6
28. Rcb3 Rgg7 29. Nh3 Kh5 30. g3 Ng8 31. Nf4+ Kh6 32. a5 Rgf7 33. Rb6 Kg7 34. a6
bxa6 35. Rxc6 a5 36. Nxe6+ Kh8 37. Rb8 h6 38. Nf4 Kh7 39. Nxd5 Rd7 40. e6 1-0

[Event "XIV Torneio Int. da Figueira da Foz"]
[Site "Figueira da Foz POR"]
[Date "2020.10.29"]
[Round "6.14"]
[White "Margarido, José"]
[Black "Movsisyan, Tigran"]
[Result "1-0"]
[WhiteElo "2138"]
[BlackElo "1730"]
[WhiteFideId "1914227"]
[BlackFideId "24581364"]
[WhiteCountry "POR"]
[BlackCountry "ESP"]
[PlyCount "65"]

1. d4 d5 2. c4 e6 3. Nf3 Nf6 4. g3 Be7 5. Bg2 O-O 6. O-O c5 7. cxd5 Nxd5 8. e4
Nb6 9. Nc3 Nc6 10. dxc5 Qxd1 11. Rxd1 Bxc5 12. Bf4 e5 13. Nxe5 Nxe5 14. Bxe5 Bg4
15. Bd4 Bxd1 16. Bxc5 Rfd8 17. Nxd1 Nc4 18. Bb4 b5 19. Bf1 Rac8 20. Bc3 a6 21.
Ne3 Nxe3 22. fxe3 Rc6 23. e5 Rc5 24. a4 b4 25. Bxb4 Rxe5 26. Bxa6 Rxe3 27. a5
Rb8 28. Bc3 Re6 29. Bf1 Ra8 30. a6 Rd6 31. b4 h6 32. b5 Ra7 33. b6 1-0

[Event "XIV Torneio Int. da Figueira da Foz"]
[Site "Figueira da Foz POR"]
[Date "2020.10.29"]
[Round "6.16"]
[White "Silva, José Lucas"]
[Black "Morais, Mario M F"]
[Result "0-1"]
[WhiteElo "1336"]
[BlackElo "1808"]
[WhiteFideId "1954342"]
[BlackFideId "1959506"]
[WhiteCountry "POR"]
[BlackCountry "POR"]
[PlyCount "114"]

1. e4 g6 2. Nc3 Bg7 3. Bc4 d6 4. f4 Nf6 5. Nf3 O-O 6. h3 Nxe4 7. Nxe4 d5 8. Bd3
dxe4 9. Bxe4 Nd7 10. c3 Nc5 11. Bc2 Nd3+ 12. Bxd3 Qxd3 13. Qe2 Bf5 14. Qxd3 Bxd3
15. Kf2 c5 16. Re1 Bf6 17. Ne5 Rfd8 18. Re3 Ba6 19. b3 e6 20. Ke1 Rac8 21. c4
Rd4 22. g3 Rcd8 23. Ke2 b6 24. d3 Bb7 25. Bb2 R4d6 26. Rb1 Bg7 27. Bc3 Bg2 28.
h4 h5 29. Rd1 Bh3 30. Rd2 Bf5 31. Bb2 a6 32. a4 f6 33. Nf3 Bg4 34. Kf2 Kf7 35.
a5 b5 36. Ba3 b4 37. Bb2 Bh6 38. Ba1 R8d7 39. d4 Bxf3 40. Rxf3 cxd4 41. Rd1 Ke7
42. Rfd3 e5 43. Bb2 Ke6 44. Kf3 Kf5 45. Kg2 Rd8 46. Kh3 Bf8 47. fxe5 fxe5 48.
Rf1+ Ke4 49. Rff3 Bh6 50. g4 Be3 51. Rfxe3+ dxe3 52. Rxd6 Rxd6 53. Kg2 Rd2+ 54.
Kf1 Rxb2 55. c5 Kf3 56. Kg1 e2 57. gxh5 e1=Q# 0-1

[Event "XIV Torneio Int. da Figueira da Foz"]
[Site "Figueira da Foz POR"]
[Date "2020.10.29"]
[Round "7.1"]
[White "Cumming, Rhys"]
[Black "Grigoryan, Karen H"]
[Result "0-1"]
[WhiteElo "2299"]
[BlackElo "2658"]
[WhiteFideId "470163"]
[BlackFideId "13301004"]
[WhiteTitle "FM"]
[BlackTitle "GM"]
[WhiteCountry "ENG"]
[BlackCountry "ARM"]
[PlyCount "102"]

1. d4 Nf6 2. c4 g6 3. g3 Bg7 4. Bg2 O-O 5. Nf3 d6 6. O-O Nbd7 7. Nc3 e5 8. b3
Re8 9. Bb2 c6 10. e4 exd4 11. Nxd4 Nc5 12. Re1 Ng4 13. h3 Ne5 14. Re3 Qb6 15.
Qd2 a5 16. Nce2 a4 17. f4 Ned7 18. Kh2 Nf6 19. e5 dxe5 20. fxe5 Nfd7 21. b4 a3
22. Bxa3 Ne6 23. Nxe6 Rxe6 24. c5 Qc7 25. Nf4 Nxe5 26. Nxe6 Bxe6 27. Rc1 Nc4 28.
Rxc4 Bxc4 29. Bb2 Bxb2 30. Qxb2 Bxa2 31. b5 Bd5 32. Qf6 Be6 33. h4 cxb5 34. h5
Qxc5 35. Re5 Qf8 36. Rxb5 Ra2 37. Re5 Qh6 38. Qd8+ Kg7 39. Qd4 Qd2 40. h6+ Kg8
41. Qxd2 Rxd2 42. Kg1 b6 43. g4 Kf8 44. g5 Ke7 45. Re3 Rc2 46. Ra3 Rc5 47. Ra7+
Kd6 48. Rb7 Rxg5 49. Rxb6+ Kc5 50. Ra6 Bd5 51. Ra5+ Kd4 0-1

[Event "XIV Torneio Int. da Figueira da Foz"]
[Site "Figueira da Foz POR"]
[Date "2020.10.29"]
[Round "7.2"]
[White "Batsiashvili, Nino"]
[Black "Taboas Rodriguez, Daniel"]
[Result "1-0"]
[WhiteElo "2467"]
[BlackElo "2365"]
[WhiteFideId "13602993"]
[BlackFideId "2208466"]
[WhiteTitle "GM"]
[BlackTitle "FM"]
[WhiteCountry "GEO"]
[BlackCountry "ESP"]
[PlyCount "55"]

1. d4 Nf6 2. c4 g6 3. Nc3 Bg7 4. e4 d6 5. h3 O-O 6. Be3 b6 7. Nf3 c5 8. d5 e6 9.
Bd3 exd5 10. exd5 Na6 11. O-O Nc7 12. Bg5 h6 13. Bh4 Bb7 14. a4 Na6 15. Qd2 Nb4
16. Bb1 g5 17. Nxg5 hxg5 18. Bxg5 Re8 19. Ra3 Qe7 20. Nb5 a6 21. Re3 Qf8 22. Nc7
Rxe3 23. fxe3 Rc8 24. Bxf6 Bxf6 25. Rxf6 Rxc7 26. Qf2 Bc8 27. Qh4 Qg7 28. Rf3
1-0

[Event "XIV Torneio Int. da Figueira da Foz"]
[Site "Figueira da Foz POR"]
[Date "2020.10.29"]
[Round "7.3"]
[White "Martín Duque, Jesus"]
[Black "Janik, Igor"]
[Result "1-0"]
[WhiteElo "2426"]
[BlackElo "2489"]
[WhiteFideId "2208954"]
[BlackFideId "1159259"]
[WhiteTitle "IM"]
[BlackTitle "IM"]
[WhiteCountry "ESP"]
[BlackCountry "POL"]
[PlyCount "140"]

1. e4 c5 2. Nf3 e6 3. d4 cxd4 4. Nxd4 Nc6 5. Nc3 Qc7 6. Be3 a6 7. Nxc6 Qxc6 8.
f3 b5 9. Qd4 Bb7 10. Bd3 f6 11. O-O Bd6 12. Rfd1 Be5 13. Qc5 Qxc5 14. Bxc5 Rc8
15. Be3 Ne7 16. a4 b4 17. Na2 Nc6 18. f4 Bxb2 19. Rab1 Ba3 20. c3 a5 21. Rb3 Kf7
22. Bb5 d5 23. exd5 exd5 24. Bc5 Rhd8 25. cxb4 axb4 26. Nxb4 Na5 27. Rxa3 Rxc5
28. Rad3 h6 29. h4 h5 30. f5 Bc8 31. Rxd5 Rcxd5 32. Rxd5 Rxd5 33. Nxd5 Bxf5 34.
Kf2 g5 35. g3 Ke6 36. Ne3 Be4 37. Nc4 Nxc4 38. Bxc4+ Kf5 39. a5 gxh4 40. gxh4
Bb7 41. Be2 Kf4 42. Bxh5 f5 43. Be2 Bc8 44. Bf3 Ba6 45. h5 Kg5 46. Ke3 f4+ 47.
Kd4 Kf5 48. Kc5 Kf6 49. Kd6 Bc4 50. Kc5 Ba6 51. Kd4 Kf5 52. Be4+ Kg5 53. Ke5 Bc8
54. Bf3 Ba6 55. Ke6 Bc4+ 56. Ke7 Kf5 57. Kf8 Kf6 58. Ke8 Ba6 59. Kd7 Bb5+ 60.
Kd6 Bc4 61. h6 Kg6 62. Ke5 Kxh6 63. Kxf4 Kg7 64. Ke3 Ba6 65. Be2 Bc8 66. Kd4 Kf6
67. Kc5 Ke7 68. Kb6 Kd7 69. Bf3 Kd6 70. Bb7 Kd5 1-0